| 000 | 00702nam a22002177a 4500 | ||
|---|---|---|---|
| 003 | OSt | ||
| 005 | 20260317032249.0 | ||
| 008 | 260317b |||||||| |||| 00| 0 eng d | ||
| 020 | _a978-1-59707-191-8 | ||
| 040 |
_aDWCL GS lib _cOC |
||
| 082 | _aS854s 2009 | ||
| 100 | _aSTILTON, GERONIMO | ||
| 245 |
_aThe coliseum _cGERONIMO STILTON |
||
| 260 |
_aNew York _b Papercutz _c2009 |
||
| 300 |
_a46p _c23 cm |
||
| 520 | _afollows the adventurous mouse journalist Geronimo Stilton as he travels through time to stop the evil Pirate Cats. | ||
| 650 | _athe Pirate Cats, from altering history. | ||
| 650 | _a the importance of history, and the power | ||
| 700 | _aGERONIMO STILTON | ||
| 942 |
_2ddc _cFIC. _n0 |
||
| 999 |
_c9211 _d9211 |
||